000
00249nam a2200097Ia 4500
001
679736
005
20250826161101.0
008
250824s9999 xx 000 0 und d
245
0
_a
35 KİLO TEMBEL TENEKE
_c
ANNA GAVALDA
260
_b
GÜNIŞIĞI YAYINLARI
999
_c
679736
_d
679736